Регионална библиотека "Любен Каравелов" - Русе

Народопсихологически щрихи на българина (Запис номер 136451)

MARC детайли
000 -Лидер
Контролно поле с фиксирана дължина 01493nam a2200361 c 4500
003 - Код на организацията, давaща контролен номер
Контролно поле BLK
005 - Дата и час на последна редакция
Контролно поле 20180422111956.0
008 - Елементи от данни с фиксирана дължина
fixed length control field 180409b bul|||||r ||||||| ||bul||
010 ## - Наследен системен номер
LC control number KNG00142394000
040 ## - Източник на каталожния запис
Идентификатор на билиотеката - собственик на записа BLK
041 ## - Код за език
Код за езика на текст/звукозапис или на отделно заглавие Български
Код за езика КДБФ Български
080 ## - УДК
Текстов определител УДК Психология на расата. Народопсихология
УДК код - определител по УДК 159.922.4
УДК определител (=867)
УДК - код + определител 159.922.4(=867)
100 1# - Редна дума - Автор
Автор Минкова, Станка Иванова
Авторска отговорност първи автор
R(LIN) 261559
139 ## - Редно поле
Редна дума Минкова, Станка Иванова и др.
Авторски знак Минк - М 66
245 10 - Сведения за заглавието
Заглавие Народопсихологически щрихи на българина
Подзаглавни данни Изследване
Редно поле (дума) Станка Иванова Минкова; съавт. Трифон Момчилов Трифонов.
257 ## - Страна на издаване
Страна на създаване/издаване България
260 ## - Област на издателските данни
-- София
Име на издателя, разпространителя и проч. ОФ
Година на издаване 1990
300 ## - Физическа характеристика
Страници 355 с.
Размери/Мащаб 21 см
380 ## - Жанр
Жанр Философия
500 ## - Общи забележки
Забележка 5 200 тир. - Библиогр. с. 349-352.
650 #4 - Допълнително описание по предмет – тема
Основно описание – тема или топоним Народопсихология
9 (RLIN) 163472
650 #4 - Допълнително описание по предмет – тема
Основно описание – тема или топоним Психология
9 (RLIN) 168332
650 #4 - Допълнително описание по предмет – тема
Основно описание – тема или топоним Българи - народопсихология
9 (RLIN) 252308
653 ## - Ключова дума – ненормативна
Ключова дума народопсихология
653 ## - Ключова дума – ненормативна
Ключова дума психология
653 ## - Ключова дума – ненормативна
Ключова дума българи
700 1# - Други автори (авторска отговорност)
Лично име Трифонов, Трифон Момчилов
Автороска отговорност (Описва отношението между автора и произведението) съавт.
9 (RLIN) 375025
852 ## - Местоположение
Форматна сигнатура Цб 164143
856 4# - Електронен адрес и достъп
Електронен формат pdf - файл
Път до файла /url/
856 4# - Електронен адрес и достъп
Електронен формат pdf - файл
Път до файла /url/
942 ## - АРТИКУЛИ
Вид на библиотечния материал Книги
Скрит в OPAC Не
944 ## - СЪЗДАВАНЕ И РЕДАКЦИЯ на ЗАПИСА
Създаване/Редакция Създаване
Дата на регистрацията/редакция 24.04.2013
Статус, дата на статуса 24.04.2013 - от С1,Р / 24.04.2013
Служител, извършил регистрацията/редакцията Грета_Цуфелде
944 ## - СЪЗДАВАНЕ И РЕДАКЦИЯ на ЗАПИСА
Създаване/Редакция Редакция
Дата на регистрацията/редакция 24.04.2013
Статус, дата на статуса 24.04.2013 - от С1,Р / 24.04.2013
Служител, извършил регистрацията/редакцията
999 ## - СИСТЕМНИ КОНТРОЛНИ НОМЕРА
Koha biblionumber 136451
Koha biblioitemnumber 136451
Наличности
Код за отписване Код за изгубен артикул Източник на класификационната схема Код за повреда Коз за рестрикции Код за отдаване Артикулен № Име на библиотеката - собственик Име на библиотеката, в която се намира в момента Статус (Текущо местоположение) Дата на вписване в системата Местоположение - отдел Цена в лева Инвентарен номер Систематично азбучна сигнатура Баркод Номер на екземпляра Цена в евро Служебна бележка Служебен тип на артикула
  Не е изгубен Universal Decimal Classification Не е повреден без рестрикции ползва се в читалня 222987 Регионална библиотека "Любен Каравелов" Русе Регионална библиотека "Любен Каравелов" Русе Хранилище 1990-01-01 Хранилище 2.53 538660 Цб 164143 120000538660 1 1.29 N: стар фонд Дата: 01.01.1990 Книги
Изтеглен Не е изгубен Universal Decimal Classification Не е повреден без рестрикции заемане за дома 222988 Регионална библиотека "Любен Каравелов" Русе Регионална библиотека "Любен Каравелов" Русе Заемна - подръчен фонд 1990-01-01 Заемна - подръчен фонд 2.53 540451 П 159.92/М 66 540451 2 1.29 N: стар фонд Дата: 01.01.1990 Дата инв: 01.02.2018 Бележки инв: П2018 Книги
Изтеглен Не е изгубен Universal Decimal Classification Не е повреден без рестрикции заемане за дома 222989 Регионална библиотека "Любен Каравелов" Русе Регионална библиотека "Любен Каравелов" Русе Заемна - подръчен фонд 1990-01-01 Заемна - подръчен фонд 2.53 540453 П 159.92/М 66 540453 3 1.29 N: стар фонд Дата: 01.01.1990 Дата инв: 02.02.2018 Бележки инв: П2018 Книги
Vip Innovations Ltd, Rousse, Bulgaria 2025